000 00455nam a2200157 a 4500
001 000020614
005 20200930011133.0
008 100811s2014 dr r 000 0 spa d
040 _aDO-SdBNP
_bspa
_cBNPHU
082 _axxxx
_bG216h
100 1 _aGarcĂ­a, Marciano
_943340
245 1 0 _aHasta ver a Dios /.
260 _aSanto Domingo :
_bMonte Carmelo;
_bEspiritualidad del Caribe,
_c2014.
300 _a151 p. ;
_c22 cm.
590 _aInventariado, 2020/BT
999 _c20118
_d20118